书目信息 |
| 题名: |
春秋左氏传
|
|
| 作者: | 左丘明 著 ;清宣 译注 | |
| 分册: | ||
| 出版信息: | 北京 中国书店 2024.10 |
|
| 页数: | 212页 | |
| 开本: | 21cm | |
| 丛书名: | ||
| 单 册: | ||
| 中图分类: | K225.04 | |
| 科图分类: | ||
| 主题词: | 春秋时代--历史--编年体 | |
| 电子资源: | ||
| ISBN: | 978-7-5149-3384-0 | |
| 000 | 00990nam0 2200277 450 | |
| 001 | 012783395 | |
| 005 | 20251022201852.74 | |
| 010 | @a978-7-5149-3384-0@b精装@dCNY55.00 | |
| 100 | @a20241106d2024 em y0chiy0120 ea | |
| 101 | 0 | @achi |
| 102 | @aCN@b110000 | |
| 105 | @ay z 000yy | |
| 106 | @ar | |
| 200 | 1 | @a春秋左氏传@9chun qiu zuo shi zhuan@f(春秋)左丘明著@g清宣译注 |
| 210 | @a北京@c中国书店@d2024.10 | |
| 215 | @a212页@d21cm | |
| 300 | @a中华国学经典普及本 | |
| 330 | @a本书根据春秋时期重大的历史事件,主要对春秋诸国战争、外交、内政等各个方面加以记述;同时对各类典章制度、礼仪规范、社会风俗、民族关系、道德理念、天文地理、神话传说、民间歌谣进行记述和评论,内容涉及社会生活的各个方面。 | |
| 605 | @a《左传》@x注释 | |
| 605 | @a《左传》@x译文 | |
| 606 | 0 | @a春秋时代@x历史@j编年体 |
| 690 | @aK225.04@v5 | |
| 701 | 0 | @c(春秋)@a左丘明@9zuo qiu ming@4著 |
| 702 | 0 | @a清宣@9qing xuan@4译注 |
| 801 | 0 | @aCN@c20250909 |
| 905 | @a河南城建学院图书馆@dK225.04@eZ991@ZZ991@f1 | |
| 春秋左氏传/(春秋)左丘明著/清宣译注.-北京:中国书店,2024.10 |
| 212页;21cm |
| 中华国学经典普及本 |
| ISBN 978-7-5149-3384-0(精装):CNY55.00 |
| 本书根据春秋时期重大的历史事件,主要对春秋诸国战争、外交、内政等各个方面加以记述;同时对各类典章制度、礼仪规范、社会风俗、民族关系、道德理念、天文地理、神话传说、民间歌谣进行记述和评论,内容涉及社会生活的各个方面。 |
| ● |
| 相关链接 |
|
|
|
正题名:春秋左氏传
索取号:K225.04/Z991
 
预约/预借
| 序号 | 登录号 | 条形码 | 馆藏地/架位号 | 状态 | 备注 |
| 1 | 1633105 | 216331057 | 社科库309/309社科库 33排1列2层/ [索取号:K225.04/Z991] | 在馆 |